01150nam a22003257a 4500003000500000005001700005008004100022010001000063011001000073035001000083040000900093090001000102100004000112245006400152260004100216300002100257502010300278590003700381590004100418590004100459590004100500590004200541650001700583650002100600901000700621942001000628949004200638999001700680952012700697CHAP20220329134004.0971013s1984 r 00010 d a13667 a14639 a18713 cCHAP aTesis00aGonzález Cantú, Ricardo.948761 aPropagación artificial del bagre (Ictalurus punctatus R.) a(Monterrey, N.L.) :bEl autor,c1984 a40 h.b: gráfs aTesis (Ing. Agrónomo Administrador) -- ITESM. División de Ciencias Agropecuarias y Marítimas aALEPHb10c20130110lUCH01h1233 aBATCH-UPDb10c20130110lUCH01h1147 aBATCH-UPDb10c20130410lUCH01h0732 aBATCH-UPDb10c20130914lUCH01h2108 aCONVERSIONb10c20130109lUCH01h130914aBagre.9940714aHormonas.956235 aBK cTESIS bBCcTESd-43558eTS1h17879i18713si c13667d13667 00102local4051708TESISaBCbBCcPA_TESISd2019-12-31fTESISl0oTesisp-43558r2019-12-31 00:00:00w2019-12-31yTESIS